A középvállalattá válás nehézségei

Bibliographic Details
Main Author: Vörös Bence
Other Authors: Forgács Dr. Anna
Format: Thesis
Kulcsszavak:Kis és középvállalkozások
Kisvállalkozások
Eurotrade
Szervezeti kultúra
Online Access:http://dolgozattar.uni-bge.hu/16427

MARC

LEADER 00000nta a2200000 i 4500
001 dolg16427
005 20200320140443.0
008 180514suuuu hu om 000 hun d
040 |a BGE Dolgozattár Repozitórium  |b hun 
041 |a hu 
100 1 |a Vörös Bence 
245 1 2 |a A középvállalattá válás nehézségei  |c Vörös Bence  |h [elektronikus dokumentum] 
695 |a Kis és középvállalkozások 
695 |a Kisvállalkozások 
695 |a Eurotrade 
695 |a Szervezeti kultúra 
700 1 |a Forgács Dr. Anna  |e ths 
856 4 0 |u http://dolgozattar.uni-bge.hu/16427/1/Szakdolgozat-%20Vo%CC%88ro%CC%88s%20Bence%20%28K6T08B%29%20%284%29.pdf  |z Dokumentum-elérés